00439nam a2200181Ia 4500003000900000008004100009040001300050040001300063041000800076100001900084245003300103250001100136260001500147260000900162300001000171490000600181600007000187IT-RoPAU120407s9999 xx 000 0 und d aIT-RoPAU cIT-RoPAU aita aMarciano Vidal aAtteggiamento (L’) morale. aAssisi aCittadella c1976 c20 cm v1 a"1. Morale fondamentale 2. Etica della persona 3. Morale sociale"